zpět

Detail výsledku týmu

Harry, Brno

Datum a čas kvízu

31 Celkem bodů Celkový počet nahraných bodů na tomto kvízu bez doplňovacích otázek.
6. Pořadí na kvízu Konečné umístění týmu na tomto kvízu.

Zaznamenané odpovědi

# Otázka Odpověď Body Výsledky
1. Ve kterém středočeském městě s... v Berouně 1
2. Jak se jmenovala ponorka, kter... Titan 1
3. Minulý týden byl potvrzen posl... Robin Wright 1
4. Estonský start-up Bolt, který... rozvoz jídel pomocí robotů (samořidících vozítek) 0
5. Bizarní scénku nabídlo mistrov... kouli (vrhu koulí) 1
6. Toto sladké téma otevřeme hist... strdí 1
7. Med je koncentrovaná směs cukr... glukóza, fruktóza 0.5
8. Med vyrábějí včely, případně j... medovicový 0
9. Po mnohá staletí se med z plás... medomet 1
10. Kde je med, ví nejlépe medvěd.... 1 C, 2 D, 3 B, 4 A 1